000
00195 a2200097 4500
001
46664
100
_a
West N
245
_a
260
_a
Lahore
_b
Sani communications
_c
090
_c
29764
_d
29764
942
_a
NUST-CAE
_c
M
_c
21962
999
_c
281737
_d
281737